| 000 | 00671cam a2200193 4500 | ||
|---|---|---|---|
| 001 | D15766 | ||
| 008 | 090401t1981 xxu||||| |||| 00| 0 eng d | ||
| 035 | _a(Sirsi) u25037 | ||
| 041 | _aeng | ||
| 050 | _a631.1065 | ||
| 110 |
_aRoyal Institution of Chartered Surveyors _94900 |
||
| 245 | _aPartnership in farming and capital taxation: the lady enquires. Annual conference, Connaught Rooms, London, WC2, 14 January 1981 | ||
| 260 |
_bRICS _c1981 |
||
| 350 | _a0 | ||
| 520 | _aFiled in box RICS 1981/2 ABC: Programme and attendance list; notes on papers; notes on speakers | ||
| 710 |
_aLand Agency and Agriculture Division _9773 |
||
| 942 | _n0 | ||
| 948 | _c04/03/1997 | ||
| 999 |
_c88662 _d88662 |
||